000 00621nam a2200205Ia 4500
008 191130s1987##################000#0#eng##
020 _a9780333305225
040 _aACL
_cACL
082 _a302.2340 ALV
100 _aAlvarado, Manuel
245 _aLearning the media : an introduction to media teaching
_cManuel alvarado et.al
260 _aLondon
_bMacmillan
_c1987
300 _aix.,306p ;ill ;23cm
500 _aIncludes bibliographical references
650 _aGreat Britain
650 _aMass media--Study and teaching
990 _abe2b60e6ac10000c52d889313c328191
991 _a230498
999 _c230795
_d230795